00967nam a2200289 a 4500001001000000003000900010005001700019007001000036008004100046020001500087040002200102049000900124092002000133100003600153245005600189260003600245300002700281600007000308650002300378650001700401910003900418942001200457945003900469952011400508956004000622999001500662000008400DO-SdBNP20180322153047.0000008400090916s1996 dr a 000 0 spa d a8484001954 aBPMSUbspacBPMSU aBNPD aRD866.44bR934c1 aRuiz de Catrain, María Teresa10aCartas a mi hijo /cMaría Teresa Ruiz de Catrain. aSanto Domingo :bTaller,c1996. a98 p. :bil. ;c23 cm.14aRUIZ DE CATRAIN, MARÍA TERESA,xCORRESPONDENCIA, MEMORIAS, ETC. 4aCARTAS DOMINICANAS 4aMADRE E HIJO aValidado. Control de calidad BNPHU 2ddccBK aRemanejado para la BNPHU / 2017 VM 00102ddc40708CDaBPMETbBPMETd2015-03-27l0oRD866.44 R934cpBPMSU15040344r2015-03-27w2015-03-27yBK aVMATEOb10c201500922lBPMSUh00151 c7593d7593